Ernesto Valverde's FC Barcelona - Statistics

General Stats
  • This quiz has been taken 33 times
  • The average score is 30 of 53
Answer Stats
Rank Player Position Nationality Matches Goals Assists % Correct
3 Gerard Piqué Centre-Back 124 13 4
100%
4 Lionel Messi Right Winger 124 112 51
100%
5 Luis Suárez Centre-Forward 123 68 48
97%
6 Marc-André ter Stegen Goalkeeper 120 0 2
97%
19 Denis Suárez Attacking Midfield 35 5 6
93%
1 Ivan Rakitic Central Midfield 128 9 17
93%
7 Jordi Alba Left-Back 116 7 29
93%
17 Andrés Iniesta Central Midfield 44 2 3
90%
2 Sergio Busquets Defensive Midfield 125 2 8
90%
46 Uri Busquets Defensive Midfield 2 0 0
90%
24 Aleix Vidal Right Winger 25 2 3
86%
12 Arturo Vidal Central Midfield 74 9 9
86%
9 Nélson Semedo Right-Back 102 1 8
83%
11 Ousmane Dembélé Right Winger 74 19 15
83%
14 Samuel Umtiti Centre-Back 63 1 1
83%
13 Clément Lenglet Centre-Back 66 3 2
79%
22 Frenkie de Jong Central Midfield 26 1 2
79%
10 Philippe Coutinho Attacking Midfield 76 20 12
72%
16 Paulinho Central Midfield 49 9 3
69%
20 Thomas Vermaelen Centre-Back 32 0 1
69%
21 André Gomes Central Midfield 31 0 1
66%
23 Antoine Griezmann Centre-Forward 25 9 4
66%
27 Jasper Cillessen Goalkeeper 22 0 0
66%
8 Sergi Roberto Central Midfield 114 2 17
66%
31 Javier Mascherano Defensive Midfield 12 0 0
62%
50 Ronald Araujo Centre-Back 1 0 0
62%
37 Yerry Mina Centre-Back 6 0 1
62%
15 Arthur Melo Defensive Midfield 56 2 6
59%
32 Rafinha Attacking Midfield 12 1 0
59%
35 Junior Firpo Left-Back 10 1 0
55%
40 Kevin-Prince Boateng Attacking Midfield 4 0 0
55%
28 Lucas Digne Left-Back 20 1 2
55%
43 Neto Goalkeeper 3 0 0
48%
45 Riqui Puig Central Midfield 3 0 1
45%
29 Gerard Deulofeu Centre-Forward 17 2 2
38%
26 Paco Alcácer Centre-Forward 23 7 4
38%
30 Ansu Fati Left Winger 14 3 1
34%
25 Malcom Attacking Midfield 24 4 2
34%
34 Munir El Haddadi Right Winger 11 2 1
34%
18 Carles Aleñá Central Midfield 35 2 0
31%
42 Jeison Murillo Centre-Back 4 0 0
31%
36 Moussa Wagué Right-Back 6 0 0
31%
38 Jean-Clair Todibo Centre-Back 5 0 0
28%
33 Carles Pérez Right Winger 11 2 3
24%
47 Jorge Cuenca Centre-Back 1 0 0
21%
41 Juan Miranda Left-Back 4 0 0
21%
48 Sergi Samper Defensive Midfield 1 0 0
17%
49 Abel Ruiz Centre-Forward 1 0 0
14%
53 Marc Cucurella Left-Back 1 0 0
14%
44 Chumi Centre-Back 3 0 0
10%
39 José Manuel Arnáiz Left Winger 5 3 0
10%
52 Álex Collado Right Winger 1 0 0
7%
51 David Costas Centre-Back 1 0 0
7%
No matching quizzes found
Score Distribution
Percent of People with Each Score
Percentile by Number Answered
Your Score History
You have not taken this quiz